Statistics for Top 10 Oceanian Coastlines

Click here to take the quiz!

General Stats

  • This quiz has been taken 80 times
  • The average score is 8 of 10

Answer Stats

Coastline (km)Country / Region% Correct
28.855Australia
96%
15.134New Zealand
96%
5.152Papua New Guinea
92%
6.112Federated States of Micronesia
91%
5.313Solomon Islands
91%
2.528Vanuatu
84%
1.519Palau
79%
2.525French Polynesia
64%
2.254New Caledonia
64%
1.482Northern Mariana Islands
63%

Score Distribution

Percentile by Number Answered

Percent of People with Each Score

Your Score History

You have not taken this quiz